000 00549nam a2200193Ia 4500
005 20250508164858.0
008 008 250505s9999 xx 000 0 eng d
037 _aDissertations
040 _aFEDL
_beng
_cFEDL
041 _aeng
_2eng
084 _a371.713, SET/DI
_qFEDL
100 _aSeth Karuna
_9779250
245 0 _aParenting styles and children's mental health
260 _c2004
300 _a129p.
546 _aM.Ed. Dissertation, (Delhi University)
942 _cDIS
_h371.713, SET/DI
999 _c1391754
_d1391754